[Event "ITA-chT Final 55th"]
[Site "Vasto"]
[Date "2024.04.13"]
[Round "2.6"]
[White "Iermito, Sebastian"]
[Black "Dardha, Daniel"]
[Result "1/2-1/2"]
[WhiteElo "2511"]
[BlackElo "2630"]
[PlyCount "61"]
[EventDate "2024.04.13"]
[EventType "team-k.o."]
[EventRounds "2"]
[EventCountry "ITA"]
[SourceTitle "CB16_2024"]
[SourceDate "2024.04.17"]
[SourceVersion "1"]
[SourceVersionDate "2024.04.17"]
[SourceQuality "1"]
[WhiteTeam "Lazio Scacchi"]
[BlackTeam "WorldtradingLab"]
[WhiteTeamCountry "ITA"]
[BlackTeamCountry "ITA"]

1. e4 c5 2. Nf3 Nc6 3. Bc4 e6 4. 0-0 Nf6 5. Re1 d5 6. exd5 Nxd5 7. d4 cxd4 8. Nxd4 Be7 9. Nxc6 bxc6 10. Nd2 0-0 11. Nf3 Bb7 12. Qe2 c5 13. c3 Qc7 14. Ne5 Bd6 15. Bd3 c4 16. Bc2 Rad8 17. h4 Nb6 18. h5 f6 19. Nf3 Rfe8 20. Be3 Nd5 21. Rad1 Qf7 22. Qxc4 Qxh5 23. Qh4 Qxh4 24. Nxh4 Nxe3 25. Rxe3 Bc5 26. Red3 Rxd3 27. Rxd3 g5 28. Nf3 g4 29. Nd4 Be4 30. Rg3 Bxc2 31. Nxc2 1/2-1/2

[Event "ITA-chT GpA 55th"]
[Site "Vasto"]
[Date "2024.04.11"]
[Round "5.22"]
[White "Sonis, Francesco"]
[Black "Iermito, Sebastian"]
[Result "1-0"]
[WhiteElo "2562"]
[BlackElo "2511"]
[PlyCount "61"]
[EventDate "2024.04.08"]
[EventType "team-tourn"]
[EventRounds "7"]
[EventCountry "ITA"]
[SourceTitle "CB16_2024"]
[SourceDate "2024.04.17"]
[SourceVersion "1"]
[SourceVersionDate "2024.04.17"]
[SourceQuality "1"]
[WhiteTeam "Costa Smeralda"]
[BlackTeam "Lazio Scacchi"]
[WhiteTeamCountry "ITA"]
[BlackTeamCountry "ITA"]

1. c4 e6 2. Nc3 Bb4 3. Nf3 Ne7 4. Qb3 c5 5. a3 Ba5 6. Qb5 Bxc3 7. bxc3 b6 8. g3 Bb7 9. Bg2 0-0 10. 0-0 Nbc6 11. Qb1 h6 12. d3 d6 13. e4 Qd7 14. Qc2 f5 15. exf5 Nxf5 16. Qe2 e5 17. Nd2 Rae8 18. Ne4 Kh8 19. f4 exf4 20. Bxf4 d5 21. cxd5 Qxd5 22. Qh5 Ne5 23. g4 Nxd3 24. gxf5 Rxe4 25. Bxh6 gxh6 26. Qxh6+ Kg8 27. Qg6+ Kh8 28. Qh6+ Kg8 29. Qg6+ Kh8 30. f6 Rf7 31. Rf5 1-0

[Event "ITA-chT GpA 55th"]
[Site "Vasto"]
[Date "2024.04.10"]
[Round "4.2"]
[White "Iermito, Sebastian"]
[Black "Brunello, Sabino"]
[Result "1/2-1/2"]
[WhiteElo "2511"]
[BlackElo "2515"]
[PlyCount "27"]
[EventDate "2024.04.08"]
[EventType "team-tourn"]
[EventRounds "7"]
[EventCountry "ITA"]
[SourceTitle "CB16_2024"]
[SourceDate "2024.04.17"]
[SourceVersion "1"]
[SourceVersionDate "2024.04.17"]
[SourceQuality "1"]
[WhiteTeam "Lazio Scacchi"]
[BlackTeam "Padova Obiettivo"]
[WhiteTeamCountry "ITA"]
[BlackTeamCountry "ITA"]

1. Nf3 d5 2. g3 g6 3. c4 c6 4. Bg2 Bg7 5. 0-0 Nf6 6. b3 Ne4 7. d4 0-0 8. Bb2 a5 9. Nc3 Bf5 10. Nh4 Nxc3 11. Bxc3 Be6 12. f4 Na6 13. Qd2 Nc7 14. f5 1/2-1/2

[Event "Menorca op 3rd"]
[Site "Ciutadella de Menorca"]
[Date "2024.04.06"]
[Round "7"]
[White "Iermito, Sebastian"]
[Black "Akbas, Umut Ata"]
[Result "1-0"]
[WhiteElo "2511"]
[BlackElo "2436"]
[PlyCount "205"]
[EventDate "2024.04.02"]
[EventType "swiss"]
[EventRounds "9"]
[EventCountry "ESP"]
[SourceTitle "CB15_2024"]
[SourceDate "2024.04.10"]
[SourceVersion "1"]
[SourceVersionDate "2024.04.10"]
[SourceQuality "1"]

1. Nf3 d5 2. g3 Nf6 3. Bg2 c5 4. 0-0 e6 5. c4 d4 6. e3 Nc6 7. d3 Bd6 8. exd4 cxd4 9. Bg5 h6 10. Bxf6 Qxf6 11. Nbd2 Qd8 12. a3 a5 13. Rc1 0-0 14. c5 Bc7 15. Re1 Qd7 16. Qa4 Ra6 17. Nc4 Kh8 18. Nfd2 f5 19. Qb5 Qd8 20. Nf3 Qd7 21. Qb3 a4 22. Qd1 Kh7 23. Nfe5 Nxe5 24. Nxe5 Qb5 25. Qc2 b6 26. Nc6 bxc5 27. Qxc5 Qxc5 28. Rxc5 Bd7 29. Nxd4 Bb6 30. Rc4 Rb8 31. Nc6 Bxc6 32. Bxc6 Bd4 33. Rxd4 Rxc6 34. Re2 Ra6 35. Rc2 Rab6 36. Rxa4 Rxb2 37. Rc7 R8b7 38. Rxb7 Rxb7 39. Ra6 Rd7 40. Rxe6 Rxd3 41. Ra6 Rd2 42. Kg2 Rd3 43. h4 h5 44. a4 Ra3 45. a5 Kg8 46. Ra7 Kh7 47. Ra6 Kg8 48. Kf1 Ra2 49. Ra7 Kh7 50. a6 Kg6 51. f4 Kf6 52. Ra8 Kg6 53. Kg1 Kh7 54. Kf1 Kg6 55. Ke1 Ra3 56. Kd2 Rxg3 57. Rb8 Ra3 58. Rb6+ Kf7 59. Kc2 Ke7 60. Kb2 Ra5 61. Kb3 Kd7 62. Rg6 Kc7 63. Kb4 Ra1 64. Rxg7+ Kb8 65. Rf7 Rxa6 66. Rxf5 Kc7 67. Kc4 Kd7 68. Kd4 Ra4+ 69. Ke3 Ke6 70. Rxh5 Kf6 71. Rg5 Ra1 72. Kf3 Rf1+ 73. Kg3 Rg1+ 74. Kf2 Rh1 75. h5 Rh3 76. Kg2 Rh4 77. Kg3 Rh1 78. Ra5 Rg1+ 79. Kf2 Rh1 80. Kg2 Rb1 81. Rg5 Rb3 82. h6 Rb8 83. Kf3 Rh8 84. Rh5 Kg6 85. Kg4 Kh7 86. Rh1 Rg8+ 87. Kf3 Ra8 88. Ke4 Re8+ 89. Kd5 Rf8 90. Ke5 Re8+ 91. Kd6 Rf8 92. Rh4 Rf5 93. Ke6 Ra5 94. f5 Ra6+ 95. Ke5 Ra5+ 96. Kf6 Ra6+ 97. Kg5 Ra1 98. Re4 Ra7 99. Re5 Rb7 100. f6 Rb1 101. f7 Rb8 102. Re8 Rb1 103. Rh8+ 1-0

[Event "Catalunya-chT Gp1"]
[Site "Barcelona"]
[Date "2024.02.17"]
[Round "5.2"]
[White "Iermito, Sebastian"]
[Black "Narciso Dublan, Marc"]
[Result "1/2-1/2"]
[WhiteElo "2503"]
[BlackElo "2420"]
[PlyCount "84"]
[EventDate "2024.01.20"]
[EventType "team-tourn"]
[EventRounds "7"]
[EventCountry "ESP"]
[SourceTitle "CB11_2024"]
[SourceDate "2024.03.13"]
[SourceVersion "1"]
[SourceVersionDate "2024.03.13"]
[SourceQuality "1"]
[WhiteTeam "Mollet"]
[BlackTeam "Ateneu Colon"]
[WhiteTeamCountry "ESP"]
[BlackTeamCountry "ESP"]

1. Nf3 d5 2. g3 c5 3. Bg2 Nc6 4. d4 Nf6 5. 0-0 e6 6. c4 Be7 7. cxd5 exd5 8. Nc3 0-0 9. dxc5 Bxc5 10. Na4 Be7 11. Be3 Be6 12. Nd4 Qd7 13. Nxe6 fxe6 14. Nc5 Bxc5 15. Bxc5 Rfd8 16. Be3 Qf7 17. Qa4 Qh5 18. Bf3 Qg6 19. Rac1 Rd7 20. Rfd1 Rad8 21. b4 e5 22. b5 Ne7 23. Bxa7 Ra8 24. b6 e4 25. Bg2 Qf5 26. f3 Qg5 27. Qb3 h5 28. fxe4 h4 29. gxh4 Qh6 30. Rc7 Rad8 31. Bh3 Nxe4 32. Rxd7 Qg6+ 33. Qg3 Nxg3 34. Rxd8+ Kh7 35. hxg3 Qxg3+ 36. Bg2 Nf5 37. R1xd5 Qe1+ 38. Kh2 Qxh4+ 39. Kg1 Qe1+ 40. Kh2 Qg3+ 41. Kh1 Qe1+ 42. Kh2 Qg3+ 1/2-1/2

[Event "ITA-ch 82nd"]
[Site "Brescia"]
[Date "2023.12.07"]
[Round "9"]
[White "Basso, Pier Luigi"]
[Black "Iermito, Sebastian"]
[Result "1/2-1/2"]
[WhiteElo "2483"]
[BlackElo "2526"]
[PlyCount "20"]
[EventDate "2023.11.28"]
[EventType "tourn"]
[EventRounds "11"]
[EventCountry "ITA"]
[EventCategory "9"]
[SourceTitle "CB50_2023"]
[SourceDate "2023.12.13"]
[SourceVersion "1"]
[SourceVersionDate "2023.12.13"]
[SourceQuality "1"]

1. d4 d5 2. Nf3 Nf6 3. c3 e6 4. Bg5 c5 5. e3 Nc6 6. Nbd2 Be7 7. Bd3 0-0 8. 0-0 b6 9. Qe2 Bb7 10. Rad1 h6 1/2-1/2

[Event "ITA-ch 82nd"]
[Site "Brescia"]
[Date "2023.11.28"]
[Round "1"]
[White "Iermito, Sebastian"]
[Black "Moroni, Luca Jr"]
[Result "0-1"]
[WhiteElo "2526"]
[BlackElo "2587"]
[PlyCount "116"]
[EventDate "2023.11.28"]
[EventType "tourn"]
[EventRounds "11"]
[EventCountry "ITA"]
[EventCategory "9"]
[SourceTitle "CB50_2023"]
[SourceDate "2023.12.13"]
[SourceVersion "1"]
[SourceVersionDate "2023.12.13"]
[SourceQuality "1"]

1. Nf3 Nf6 2. c4 e6 3. g3 d5 4. Bg2 dxc4 5. Qa4+ Bd7 6. Qxc4 c5 7. Ne5 Qc8 8. Qd3 Nc6 9. Nxd7 Nxd7 10. Nc3 Be7 11. b3 0-0 12. Bb2 Nde5 13. Qe3 Qd7 14. d3 Rac8 15. 0-0 Ng4 16. Qf4 f5 17. Rac1 Rfd8 18. Rfd1 Bf6 19. Qd2 b6 20. h3 Nge5 21. Nb1 Qe7 22. Na3 h5 23. Nc4 h4 24. Nxe5 Bxe5 25. Bxc6 Bxb2 26. Qxb2 Rxc6 27. Qe5 hxg3 28. fxg3 Rcd6 29. Rf1 Rd5 30. Qe3 Qf6 31. Rc4 Re5 32. Qf3 Rd4 33. Rfc1 Qh6 34. Kg2 Re3 35. Qf2 f4 36. Rxd4 Rxg3+ 37. Kf1 cxd4 38. Qxd4 Qxh3+ 39. Ke1 Qf5 40. Qd8+ Kh7 41. Qh4+ Kg6 42. Rc4 Rg4 43. Qh1 Kg5 44. Kf2 b5 45. Re4 Rh4 46. Qa1 Qc5+ 47. d4 Qd6 48. d5 Kf5 49. Qd4 e5 50. Qd3 Qc5+ 51. e3 Kf6 52. d6 Qc1 53. Rxf4+ exf4 54. Qd4+ Kg6 55. Qe4+ Kh6 56. Qe6+ g6 57. d7 fxe3+ 58. Qxe3+ Rf4+ 0-1

[Event "Mediterranean-ch 13th"]
[Site "Platja d'Aro"]
[Date "2023.11.06"]
[Round "4"]
[White "Iermito, Sebastian"]
[Black "Ayats Llobera, Gerard"]
[Result "1-0"]
[WhiteElo "2524"]
[BlackElo "2421"]
[PlyCount "95"]
[EventDate "2023.11.04"]
[EventType "swiss"]
[EventRounds "9"]
[EventCountry "ESP"]
[SourceTitle "CB46_2023"]
[SourceDate "2023.11.15"]
[SourceVersion "1"]
[SourceVersionDate "2023.11.15"]
[SourceQuality "1"]

1. Nf3 Nf6 2. c4 g6 3. b3 Bg7 4. Bb2 0-0 5. g3 d6 6. Bg2 e5 7. d3 Re8 8. 0-0 Nc6 9. Nc3 h6 10. h3 Nd4 11. Nd2 c6 12. e3 Nf5 13. Nde4 Be6 14. b4 a6 15. a4 Qd7 16. Kh2 Qc7 17. Rc1 Qd7 18. a5 Qe7 19. Na4 Rad8 20. Re1 Qc7 21. Qd2 Qb8 22. Nxf6+ Bxf6 23. e4 Bg5 24. f4 exf4 25. Qc3 fxg3+ 26. Kh1 f6 27. exf5 Bxf5 28. Rcd1 h5 29. d4 h4 30. d5 cxd5 31. Bxd5+ Kg7 32. Bg2 Rxe1+ 33. Rxe1 Re8 34. Nb6 Re5 35. Nd5 Qc8 36. Ne7 Rxe1+ 37. Qxe1 Qxc4 38. Bd5 Qc2 39. Nxf5+ Qxf5 40. Bg2 Kh6 41. Bd4 Qc2 42. Bg1 f5 43. Qe8 Bf6 44. Qf8+ Bg7 45. Qxd6 Qc1 46. Qc5 Qd1 47. Qe3+ Kh7 48. Qg5 1-0

[Event "Barcelona Sants op 24th"]
[Site "Barcelona"]
[Date "2023.08.23"]
[Round "6"]
[White "Iermito, Sebastian"]
[Black "Fernandez Guillen, Ernesto J"]
[Result "1-0"]
[WhiteElo "2509"]
[BlackElo "2469"]
[PlyCount "55"]
[EventDate "2023.08.18"]
[EventType "swiss"]
[EventRounds "10"]
[EventCountry "ESP"]
[SourceTitle "CBM 215 Extra"]
[Source "ChessBase"]
[SourceDate "2023.09.30"]
[SourceVersion "1"]
[SourceVersionDate "2023.09.30"]
[SourceQuality "1"]

1. e4 e5 2. Nf3 Nc6 3. Nc3 g6 4. d4 exd4 5. Nxd4 Bg7 6. Be3 d6 7. Qd2 Nf6 8. f3 0-0 9. 0-0-0 Nxd4 10. Bxd4 Be6 11. g4 c5 12. Be3 Qa5 13. Bh6 Rfd8 14. Bxg7 Kxg7 15. h4 Ng8 16. h5 Rab8 17. hxg6 hxg6 18. Kb1 b5 19. Qh2 Kf8 20. Nd5 Ke8 21. g5 Bxd5 22. exd5 Kd7 23. Qf4 Rf8 24. Rh7 Ne7 25. Rxf7 Rxf7 26. Qxf7 Re8 27. Qe6+ Kc7 28. Bh3 1-0

[Event "ITA-chT playoff 54th"]
[Site "Bacoli"]
[Date "2023.05.01"]
[Round "3"]
[White "Aghayev, Miragha"]
[Black "Iermito, Sebastian"]
[Result "1/2-1/2"]
[WhiteElo "2413"]
[BlackElo "2533"]
[PlyCount "32"]
[EventDate "2023.05.01"]
[EventType "team-tourn"]
[EventRounds "4"]
[EventCountry "ITA"]
[SourceTitle "CBM 213 Extra"]
[Source "ChessBase"]
[SourceDate "2023.05.31"]
[SourceVersion "1"]
[SourceVersionDate "2023.05.31"]
[SourceQuality "1"]
[WhiteTeam "Arrocco"]
[BlackTeam "Lazio Scacchi"]
[WhiteTeamCountry "ITA"]
[BlackTeamCountry "ITA"]

1. d4 Nf6 2. c4 c5 3. Nf3 cxd4 4. Nxd4 Nc6 5. Nc3 e6 6. Bf4 d5 7. Ndb5 e5 8. cxd5 exf4 9. dxc6 bxc6 10. Qxd8+ Kxd8 11. Rd1+ Bd7 12. Nd6 Kc7 13. Nxf7 Rg8 14. Ne5 Rb8 15. Nxd7 Nxd7 16. g3 Rxb2 1/2-1/2

[Event "ITA-chT GpA playoff 54th"]
[Site "Bacoli"]
[Date "2023.04.30"]
[Round "1"]
[White "Iermito, Sebastian"]
[Black "Dvirnyy, Danyyil"]
[Result "1/2-1/2"]
[WhiteElo "2533"]
[BlackElo "2541"]
[PlyCount "34"]
[EventDate "2023.04.30"]
[EventType "team-tourn"]
[EventRounds "2"]
[EventCountry "ITA"]
[SourceTitle "CBM 213 Extra"]
[Source "ChessBase"]
[SourceDate "2023.05.31"]
[SourceVersion "1"]
[SourceVersionDate "2023.05.31"]
[SourceQuality "1"]
[WhiteTeam "Lazio Scacchi"]
[BlackTeam "Padova Obiettivo"]
[WhiteTeamCountry "ITA"]
[BlackTeamCountry "ITA"]

1. d4 d5 2. Nf3 Nf6 3. c3 g6 4. Bf4 Bg7 5. e3 0-0 6. Be2 b6 7. 0-0 c5 8. Nbd2 Nc6 9. Ne5 Bb7 10. a4 Nd7 11. Nxc6 Bxc6 12. Nf3 Re8 13. b4 a5 14. bxc5 bxc5 15. Qb3 c4 16. Qc2 Ra6 17. e4 e5 1/2-1/2

[Event "ITA-chT GpB 54th"]
[Site "Bacoli"]
[Date "2023.04.26"]
[Round "3"]
[White "Iermito, Sebastian"]
[Black "Aghayev, Miragha"]
[Result "1/2-1/2"]
[WhiteElo "2533"]
[BlackElo "2413"]
[PlyCount "65"]
[EventDate "2023.04.25"]
[EventType "team-tourn"]
[EventRounds "7"]
[EventCountry "ITA"]
[SourceTitle "CBM 213 Extra"]
[Source "ChessBase"]
[SourceDate "2023.05.31"]
[SourceVersion "1"]
[SourceVersionDate "2023.05.31"]
[SourceQuality "1"]
[WhiteTeam "Lazio Scacchi"]
[BlackTeam "Arrocco"]
[WhiteTeamCountry "ITA"]
[BlackTeamCountry "ITA"]

1. e4 e5 2. Nf3 Nc6 3. Bb5 a6 4. Ba4 Nf6 5. d3 b5 6. Bb3 Bc5 7. Nc3 h6 8. Nd5 d6 9. c3 Be6 10. 0-0 Bxd5 11. exd5 Ne7 12. d4 exd4 13. Nxd4 Qd7 14. Re1 0-0 15. Qf3 Bxd4 16. cxd4 Nf5 17. Be3 Rfe8 18. Bc2 Nh4 19. Qg3 Qg4 20. Rac1 Kf8 21. Qxg4 Nxg4 22. Bd1 Nf6 23. Rxc7 Nf5 24. Bb3 Nxd4 25. Rd1 Nxb3 26. axb3 Rec8 27. Rc6 Rxc6 28. dxc6 Rc8 29. Rxd6 Ne8 30. Rd5 Rxc6 31. Bc5+ Kg8 32. b4 Nc7 33. Rd8+ 1/2-1/2

[Event "Menorca op 2nd"]
[Site "Ciutadella de Menorca"]
[Date "2023.04.15"]
[Round "8"]
[White "Sokolovsky, Yahli"]
[Black "Iermito, Sebastian"]
[Result "1-0"]
[WhiteElo "2464"]
[BlackElo "2533"]
[PlyCount "78"]
[EventDate "2023.04.11"]
[EventType "swiss"]
[EventRounds "9"]
[EventCountry "ESP"]
[SourceTitle "CBM 213 Extra"]
[Source "ChessBase"]
[SourceDate "2023.05.31"]
[SourceVersion "1"]
[SourceVersionDate "2023.05.31"]
[SourceQuality "1"]

1. e4 c5 2. Nf3 e6 3. d4 cxd4 4. Nxd4 a6 5. Be2 Nf6 6. Nc3 Qc7 7. 0-0 Nc6 8. Be3 Be7 9. f4 d6 10. Qe1 0-0 11. Qg3 Nxd4 12. Bxd4 b5 13. a3 Bb7 14. Kh1 Rad8 15. Bd3 Bc6 16. Rae1 Rd7 17. Nd1 e5 18. Bc3 Nh5 19. Qg4 Nf6 20. Qh3 Kh8 21. Qg3 Nh5 22. Qg4 Nf6 23. Qf5 g6 24. Qh3 Rdd8 25. fxe5 dxe5 26. Ne3 Nh5 27. Nd5 Bxd5 28. exd5 Rxd5 29. Qf3 Nf6 30. Qxd5 Qxc3 31. bxc3 Nxd5 32. Rxe5 Rd8 33. c4 bxc4 34. Bxc4 Nb6 35. Rxe7 Nxc4 36. Rexf7 Nxa3 37. Rc7 Nb5 38. Re7 Nd4 39. Rd1 Kg8 1-0

[Event "Alicante Easter op 7th"]
[Site "La Nucia"]
[Date "2023.04.09"]
[Round "7"]
[White "Iermito, Sebastian"]
[Black "Poormosavi, Seyed Kian"]
[Result "1/2-1/2"]
[WhiteElo "2533"]
[BlackElo "2418"]
[PlyCount "57"]
[EventDate "2023.04.05"]
[EventType "swiss"]
[EventRounds "9"]
[EventCountry "ESP"]
[SourceTitle "CBM 213 Extra"]
[Source "ChessBase"]
[SourceDate "2023.05.31"]
[SourceVersion "1"]
[SourceVersionDate "2023.05.31"]
[SourceQuality "1"]

1. e4 c6 2. d4 d5 3. exd5 cxd5 4. Bf4 Nc6 5. c3 Nf6 6. Nd2 g6 7. Be2 Bg7 8. h3 0-0 9. Ngf3 Bf5 10. 0-0 Ne4 11. Re1 Re8 12. Bf1 a6 13. Nxe4 dxe4 14. Nd2 e5 15. dxe5 Bxe5 16. Bxe5 Rxe5 17. Nc4 Rd5 18. Qb3 Na5 19. Nxa5 Rxa5 20. Qxb7 Rb8 21. Red1 Qf8 22. Qc6 Rxb2 23. Qf6 Rb8 24. Bc4 Rc5 25. Rd4 Re8 26. Rad1 Qe7 27. Qxe7 Rxe7 28. Bxa6 Rxc3 29. Bc4 1/2-1/2

[Event "Alicante Easter op 7th"]
[Site "La Nucia"]
[Date "2023.04.08"]
[Round "6"]
[White "Sosa, Tomas Sebastian"]
[Black "Iermito, Sebastian"]
[Result "1/2-1/2"]
[WhiteElo "2544"]
[BlackElo "2533"]
[PlyCount "64"]
[EventDate "2023.04.05"]
[EventType "swiss"]
[EventRounds "9"]
[EventCountry "ESP"]
[SourceTitle "CBM 213 Extra"]
[Source "ChessBase"]
[SourceDate "2023.05.31"]
[SourceVersion "1"]
[SourceVersionDate "2023.05.31"]
[SourceQuality "1"]

1. e4 e5 2. Nf3 Nc6 3. Nc3 Nf6 4. d4 exd4 5. Nxd4 Bb4 6. Nxc6 bxc6 7. Bd3 d5 8. Bd2 0-0 9. 0-0 Bxc3 10. Bxc3 dxe4 11. Bxf6 Qxf6 12. Bxe4 Qxb2 13. Bxc6 Rb8 14. Rb1 Qxb1 15. Qxb1 Rxb1 16. Rxb1 Rd8 17. Bf3 Kf8 18. Rb8 Re8 19. h4 Ba6 20. Rb3 Be2 21. Bxe2 Rxe2 22. Rc3 Re4 23. g3 Ra4 24. Rxc7 Rxa2 25. c4 a5 26. Ra7 Rc2 27. Rxa5 Rxc4 28. Kg2 g6 29. Kf3 Kg7 30. Kg2 Kf8 31. Kf3 Kg7 32. Kg2 Kf8 1/2-1/2

[Event "Alicante Easter op 7th"]
[Site "La Nucia"]
[Date "2023.04.06"]
[Round "3"]
[White "Iermito, Sebastian"]
[Black "Alinasab, Mobina"]
[Result "1-0"]
[WhiteElo "2533"]
[BlackElo "2334"]
[PlyCount "101"]
[EventDate "2023.04.05"]
[EventType "swiss"]
[EventRounds "9"]
[EventCountry "ESP"]
[SourceTitle "CBM 213 Extra"]
[Source "ChessBase"]
[SourceDate "2023.05.31"]
[SourceVersion "1"]
[SourceVersionDate "2023.05.31"]
[SourceQuality "1"]

1. e4 c5 2. Nc3 d6 3. Nf3 a6 4. g3 Nc6 5. Bg2 g6 6. d4 cxd4 7. Nxd4 Bg7 8. Be3 Bd7 9. Nd5 Nxd4 10. Bxd4 Bxd4 11. Qxd4 f6 12. f4 Nh6 13. 0-0-0 Nf7 14. Nb6 Rb8 15. e5 Bc6 16. exf6 exf6 17. Rhe1+ Kf8 18. Bd5 Kg7 19. Bxf7 Kxf7 20. Nd5 Bxd5 21. Qxd5+ Kg7 22. Re6 Rf8 23. Rxd6 Qe8 24. Rd7+ Kh8 25. Rxb7 Qe3+ 26. Kb1 Rxb7 27. Qxb7 Qe2 28. Qh1 Rc8 29. Rc1 Rb8 30. Qc6 Qe7 31. b3 a5 32. Rd1 Rd8 33. Rxd8+ Qxd8 34. Kb2 Kg7 35. Qc3 Qd5 36. a3 g5 37. fxg5 Qxg5 38. b4 a4 39. Qc5 Qh6 40. h4 Qg6 41. Qc7+ Kh8 42. Qc4 Kg7 43. b5 Qe8 44. Qc7+ Kg6 45. Qc5 h5 46. b6 Qe4 47. Qc3 f5 48. Qh8 Qe6 49. Qd4 Qc6 50. Qb4 Qf6+ 51. Kb1 1-0

[Event "Alicante Easter op 7th"]
[Site "La Nucia"]
[Date "2023.04.05"]
[Round "1"]
[White "Iermito, Sebastian"]
[Black "Sanjuan Segura, Ignacio"]
[Result "1-0"]
[WhiteElo "2533"]
[BlackElo "1902"]
[PlyCount "53"]
[EventDate "2023.04.05"]
[EventType "swiss"]
[EventRounds "9"]
[EventCountry "ESP"]
[SourceTitle "CBM 213 Extra"]
[Source "ChessBase"]
[SourceDate "2023.05.31"]
[SourceVersion "1"]
[SourceVersionDate "2023.05.31"]
[SourceQuality "1"]

1. e4 e6 2. d4 d5 3. Nd2 c5 4. Ngf3 cxd4 5. Nxd4 Nc6 6. Bb5 Bd7 7. Nxc6 bxc6 8. Bd3 Bd6 9. Qe2 Qc7 10. Nf3 e5 11. exd5 cxd5 12. Nxe5 Bxe5 13. f4 Ne7 14. Qxe5 Qxe5+ 15. fxe5 Ng6 16. 0-0 0-0 17. Bf4 Rfe8 18. Rae1 Nxf4 19. Rxf4 f6 20. Rd4 Bc6 21. e6 Re7 22. c4 Rd8 23. b4 Bb7 24. b5 Rd6 25. c5 Rdxe6 26. Rxe6 Rxe6 27. c6 1-0

[Event "Catalunya-chT Gp1 Final"]
[Site "Barcelona"]
[Date "2023.03.18"]
[Round "1.4"]
[White "Iglesias, Jorge"]
[Black "Iermito, Sebastian"]
[Result "0-1"]
[WhiteElo "2266"]
[BlackElo "2536"]
[PlyCount "62"]
[EventDate "2023.03.18"]
[EventType "team-k.o."]
[EventRounds "3"]
[EventCountry "ESP"]
[SourceTitle "EXT 2024"]
[Source "ChessBase"]
[SourceDate "2023.10.10"]
[SourceVersion "1"]
[SourceVersionDate "2023.10.10"]
[SourceQuality "1"]
[WhiteTeam "Platja D'Aro"]
[BlackTeam "Valls"]
[WhiteTeamCountry "ESP"]
[BlackTeamCountry "ESP"]

1. e4 e5 2. Nf3 Nc6 3. Bb5 a6 4. Ba4 Bc5 5. 0-0 Nge7 6. Nxe5 Nxe5 7. d4 b5 8. Bb3 Bxd4 9. Qxd4 d6 10. c3 c5 11. Qe3 0-0 12. f4 Ng4 13. Qg3 Nf6 14. Bc2 Bb7 15. f5 Bxe4 16. Bg5 Ned5 17. Bd1 Kh8 18. Nd2 Qd7 19. c4 bxc4 20. Nxc4 Rad8 21. Qh4 Rb8 22. Bb3 Bd3 23. Rf3 Bxc4 24. Bxc4 Rxb2 25. Bxd5 Nxd5 26. f6 Rfb8 27. fxg7+ Kg8 28. Qe4 Qb7 29. Raf1 Nc3 30. Qf5 Ne2+ 31. Kh1 Rb1 0-1

[Event "Catalunya-chT Gp1"]
[Site "Barcelona"]
[Date "2023.03.04"]
[Round "7.4"]
[White "Iermito, Sebastian"]
[Black "Tallo Dominguez, Imar"]
[Result "1/2-1/2"]
[WhiteElo "2525"]
[BlackElo "2274"]
[PlyCount "90"]
[EventDate "2023.01.21"]
[EventType "team-tourn"]
[EventRounds "7"]
[EventCountry "ESP"]
[SourceTitle "CBM 213 Extra"]
[Source "ChessBase"]
[SourceDate "2023.05.31"]
[SourceVersion "1"]
[SourceVersionDate "2023.05.31"]
[SourceQuality "1"]
[WhiteTeam "Valls"]
[BlackTeam "Ateneu Colon"]
[WhiteTeamCountry "ESP"]
[BlackTeamCountry "ESP"]

1. e4 c5 2. Nc3 Nc6 3. Nf3 e5 4. Bc4 d6 5. d3 Be7 6. Nd2 Nf6 7. Nf1 Bg4 8. f3 Be6 9. Ne3 0-0 10. 0-0 a6 11. a4 Nb4 12. Bd2 d5 13. exd5 Nfxd5 14. Nexd5 Nxd5 15. a5 Nxc3 16. Bxc3 Bxc4 17. dxc4 Qc7 18. Qd5 Bd6 19. Rfe1 Rfe8 20. Rad1 Rad8 21. Qe4 Qc8 22. Rd5 Bb8 23. Red1 Rxd5 24. Qxd5 Kf8 25. Be1 Re6 26. Qd8+ Qxd8 27. Rxd8+ Re8 28. Rd7 Re7 29. Rd5 e4 30. Rd8+ Re8 31. Rxe8+ Kxe8 32. fxe4 Be5 33. c3 Kd7 34. Kf2 Bc7 35. b4 Bd6 36. Kf3 Ke6 37. h3 h5 38. Ke2 Be7 39. Kd3 g6 40. Ke2 Bf8 41. Bd2 Be7 42. Kf3 Bf8 43. Be1 Be7 44. Ke3 Bf8 45. Kd3 Be7 1/2-1/2

[Event "Benalmadena Rapid op 1st"]
[Site "Benalmadena"]
[Date "2023.02.26"]
[Round "4"]
[White "Hurtado Oldridge, Felipe"]
[Black "Iermito, Sebastian"]
[Result "0-1"]
[WhiteElo "1856"]
[BlackElo "2528"]
[PlyCount "52"]
[EventDate "2023.02.25"]
[EventType "swiss (rapid)"]
[EventRounds "9"]
[EventCountry "ESP"]
[SourceTitle "CBM 212 Extra"]
[Source "ChessBase"]
[SourceDate "2023.03.31"]
[SourceVersion "1"]
[SourceVersionDate "2023.03.31"]
[SourceQuality "1"]

1. d4 d5 2. c4 dxc4 3. Nf3 Nf6 4. Nc3 a6 5. a4 Nc6 6. e3 Na5 7. g3 g6 8. Bg2 Bg7 9. 0-0 0-0 10. Qe2 c5 11. Rd1 cxd4 12. Nxd4 Qc7 13. e4 e5 14. Nc2 Bg4 15. f3 Be6 16. Bg5 b5 17. Ne3 Nb3 18. Rab1 Nd4 19. Qf2 Qa7 20. f4 Ng4 21. Nxg4 Bxg4 22. Rd2 f6 23. fxe5 fxe5 24. Qe3 h6 25. axb5 hxg5 26. bxa6 Nf3+ 0-1

[Event "Benalmadena Rapid op 1st"]
[Site "Benalmadena"]
[Date "2023.02.26"]
[Round "8"]
[White "Iermito, Sebastian"]
[Black "Campora, Daniel Hugo"]
[Result "1/2-1/2"]
[WhiteElo "2528"]
[BlackElo "2337"]
[PlyCount "112"]
[EventDate "2023.02.25"]
[EventType "swiss (rapid)"]
[EventRounds "9"]
[EventCountry "ESP"]
[SourceTitle "CBM 212 Extra"]
[Source "ChessBase"]
[SourceDate "2023.03.31"]
[SourceVersion "1"]
[SourceVersionDate "2023.03.31"]
[SourceQuality "1"]

1. e4 e5 2. Nf3 Nc6 3. Nc3 Nf6 4. Bb5 Bb4 5. 0-0 0-0 6. Bxc6 dxc6 7. d3 Bd6 8. Ne2 c5 9. Ng3 Nd7 10. Be3 Nb8 11. Nd2 Nc6 12. Nc4 Be6 13. Nxd6 cxd6 14. f4 f6 15. c3 Qd7 16. f5 Bf7 17. Ne2 Rad8 18. c4 Bh5 19. h3 Bxe2 20. Qxe2 Rb8 21. g4 h6 22. h4 Kf7 23. g5 hxg5 24. Qh5+ Ke7 25. hxg5 Rh8 26. Qg6 Rbg8 27. Kg2 Qe8 28. Qxe8+ Kxe8 29. g6 Rh5 30. Rh1 Rgh8 31. Rxh5 Rxh5 32. a3 Kd7 33. b4 b6 34. Rb1 Kc7 35. Bd2 Kd7 36. b5 Ne7 37. a4 Kc7 38. a5 Kb7 39. Ra1 Ng8 40. Kg3 Ne7 41. Be3 Nc8 42. Bf2 Ne7 43. Kg4 Rh8 44. Bh4 Ng8 45. Kg3 Rh5 46. Rh1 Kb8 47. Rh2 Kb7 48. Kg4 Rh8 49. Ra2 Kb8 50. Rh2 Kb7 51. a6+ Kc7 52. Bg3 Rxh2 53. Bxh2 Kd7 54. Bg3 Kc7 55. Be1 Kd7 56. Bd2 Kc7 1/2-1/2